|
|
|
|
| LEADER |
00993nab#a2200337#ar4500 |
| 001 |
000104644 |
| 003 |
SVKKK |
| 005 |
20110701124342.0 |
| 008 |
080707d1898 xo |||||||||||||||b|hun |
| FMT |
|
|
|
| 038 |
|
|
|a SVKKK
|
| 040 |
|
|
|a SVKKK
|b slo
|e AACR2
|
| 041 |
0 |
|
|a hun
|
| 044 |
|
|
|a xo
|c SK
|
| 080 |
|
|
|a 351
|2 1981
|
| 242 |
1 |
0 |
|a Mestské valné zasadanie
|y slo
|
| 245 |
1 |
0 |
|a Városi közgyülés
|
| 500 |
|
|
|a Dohľadanie
|
| 500 |
|
|
|a Popis z mikrofilmu
|
| 520 |
2 |
|
|a Správa o tom, že sa pripravuje zasadanie mestského zastupiteľstva v Michalovciach 24. januára 1898. O. i. bude sa prejednávať problematika 2. lekárne v meste
|
| 650 |
0 |
4 |
|a zasadanie mestské
|x problematika prejednávania
|z Michalovce (Slovensko)
|y 24.01.1898
|
| 655 |
|
4 |
|a hungariká
|
| 773 |
0 |
|
|t Felső-Zemplén
|g Roč. 3, č. 4 (20.01.1898) s. 2
|
| 957 |
|
|
|a Michalovce
|
| 958 |
|
|
|a DG
|
| 958 |
|
|
|a HU
|
| 974 |
|
|
|a Ba
|
| 992 |
|
|
|a RBX
|
| 997 |
|
|
|d Nagymihály p. Michalovce
|
| BAS |
|
|
|
| 998 |
|
|
|a RETRO
|